000 01354cam a2200337 a 4500
001 15531307
003 OSt
005 20210916162412.0
008 081121s2009 maua 001 0 eng
010 _a 2008050293
020 _a9780763757724
038 _akhadija
040 _aDLC
_cDLC
_dDLC
050 0 0 _aQA331.7
_b.Z55 2009
082 0 0 _a515.9
_222
100 1 _aZill, Dennis G.,
_d1940-
_94603
245 1 2 _aA first course in complex analysis with applications /
_cDennis G. Zill and Patrick D. Shanahan.
246 3 0 _aComplex analysis
250 _a2nd ed.
260 _aSudbury, Mass. :
_bJones and Bartlett Publishers,
_cc2009.
300 _axii, 405 p., [52] p. :
_bill. ;
_c29 cm.
490 0 _aThe Jones and Bartlett Publishers series in mathematics. Complex analysis
500 _aIncludes index.
505 0 _aComplex numbers and the complex plane -- Complex functions and mappings -- Analytic functions -- Elementary functions -- Integration in the complex plane -- Series and residues -- Conformal mappings.
563 _ahardcover
650 0 _aFunctions of complex variables.
_910426
700 1 _aShanahan, Patrick D.,
_d1968-
_982511
906 _a7
_bcbc
_corignew
_d1
_eecip
_f20
_gy-gencatlg
942 _2ddc
_cBK
999 _c32898
_d32898